LEADER 00768nam0-22002771i-450- 001 990000081610403321 035 $a000008161 035 $aFED01000008161 035 $a(Aleph)000008161FED01 035 $a000008161 100 $a20011111d--------km-y0itay50------ba 101 0 $aita 105 $ay-------001yy 200 1 $aTeorema fondamentale per la teoria dei prismi-squadri$fVittore Gattoni. 210 $aCasale Monf.$cTipografia eredi Maffei$d1887 215 $a13 p., 1 tav.$cill.$d24 cm 610 0 $aPrismi (Ottica) 676 $a535.324 700 1$aGattoni,$bVittore 801 0$aIT$bUNINA$gRICA$2UNIMARC 901 $aBK 912 $a990000081610403321 952 $a13 AR 18 D 68$b4169/4$fFINBC 959 $aFINBC 997 $aUNINA DB $aING01